| 000 | 00619nam a2200241Ia 4500 | ||
|---|---|---|---|
| 008 | 160319s9999 xx 000 0 und d | ||
| 020 | _a9716300301 | ||
| 050 | _aFil 920.2 | ||
| 050 | _bV468c 1995 | ||
| 100 | _aVentura, Sylvia Mendez | ||
| 245 | _aCarlos P. Romulo / | ||
| 245 | _cSylvia Mendez Ventura. | ||
| 260 | _aManila : | ||
| 260 | _bTahanan Books for Young Readers | ||
| 260 | _c1995 | ||
| 300 | _a31 pages : | ||
| 300 | _billustrations : | ||
| 300 | _c26 cm. | ||
| 440 | _aGreat lives. | ||
| 440 | _vvol. 11 | ||
| 650 | _aRomulo, Carlos P., 1899-1985 -- | ||
| 650 | _xJuvenile literature. | ||
| 999 |
_c292333 _d292333 |
||